LEADER 01283nam a2200277 u 4500 001 000000051715 003 CaOOAMICUS 005 20070226115352.0 008 000925s1945 it u000 u fre u 035 $a10856481 040 $aPUL(R)$bita 100 1 $aCarnelutti, Francesco,$d1879-1965.$0(OLS)http://pul/name/9835 245 13$aLa guerre et la paix /$cFrancesco Carnelutti. 260 $aRoma :$bAzienda libraria italiana,$c1945. 300 $a130 p. ;$c18 cm 650 4$aGuerra$xAspetti economici.$0(OLS)http://pul/subject/18833 650 4$aGuerra$xAspetti morali e religiosi.$0(OLS)http://pul/subject/13342 850 $aPUL 852 $aPUL$W1$xDP1 Fondo Ciprotti$y59$m1538 G 50$j68491$nBK-PRI$b $qFondi$B68491$CPULBib$Z2$F68491 $H $81 852 $aPUL$W1$xDP1 Fondo Cecchetti$y53$m276 B 24$j68492$nBK-PRI$b $qFondi$B68492$CPULBib$Z2$F68492 $HPUL7646 $81 852 $aPUL$W1$xDP2 Diritto e Scienze Sociali 1$y65$m179 A 56$j124426$ac. 3$qStampati$B123253$CPULBib$Z2$F123253 $82 941 1 $a1 941 1 $a8 961 $aINV: Fondo Ciprotti 996 $6245$aLa guerre et la paix$9(OLS)http://pul/title/69445 996 $6260$aRoma :$bAzienda libraria italiana$9(OLS)http://pul/publisher/63043 LEADER 01229nam a2200313 a 4500 001 000000151147 003 CaOOAMICUS 005 20160408092310.0 008 160408s2016 it u000 u ita r 020 $a978-88-10-50558-8* 032 $aLibriCat 040 $aPUL$bita 082 04$a174 100 1 $aFaggioni, Maurizio Pietro.$0(OLS)http://pul/name/54783 245 13$aLa vita nelle nostre mani :$bmanuale di bioetica teologica /$cMaurizio Pietro Faggioni. 250 $a4. ed. 260 $aBologna :$bEDB,$cİ2016. 300 $a394 p. ;$c24 cm. 504 $aBibliografia in nota. 650 4$aBioetica$vManuali.$0(OLS)http://pul/subject/18403 650 4$aMorte$xAspetti religiosi.$0(OLS)http://pul/subject/4358 850 $aPUL 852 $aPUL$W1$xSL Filosofia 3$y81$m174 FAGMA 2$j173595$qDDC 21$B175929$CPULBib$Z2$F175929 $H127597 $81 941 1 $a9 996 $6020$a978-88-10-50558-8*$9(OLS)http://pul/number/160217 996 $6082$a174$9(OLS)http://pul/classification/425 996 $6245$aLa vita nelle nostre mani :$bmanuale di bioetica teologica$9(OLS)http://pul/title/107757 996 $6260$aBologna :$bEDB$9(OLS)http://pul/publisher/56073